| 000 | 00767cam a22002292 4500 | ||
|---|---|---|---|
| 001 | 0000000862 | ||
| 005 | 20151217151759.0 | ||
| 008 | 070221s xx 000 0 eng d | ||
| 020 |
_a1556610173 : _cKES 780 |
||
| 040 |
_aKABU _cKABU |
||
| 050 | 0 |
_aBV4597.57 _b.S68 1999 |
|
| 100 | 1 |
_aSouthard, Betty. _@0000149251 |
|
| 245 | 1 | 0 |
_aCome as you are : _bhow your personality shapes your relationship with God / _cby Betty Southard and Marita Littauer. |
| 250 | _a. | ||
| 260 |
_aMinneapoli, Minn. : _bBethany House, _c1999. |
||
| 300 | _a220 p. | ||
| 650 | 0 |
_aPersonality _xReligious aspects _xChristianity. _@0000149252 |
|
| 700 | 1 |
_aLittauer, Marita. _@0000148241 |
|
| 908 | _a070221 | ||
| 950 | _@1 | ||
| 999 |
_c4948 _d4948 |
||